000 00612nam a2200169Ia 4500
003 GCL
008 140319s9999 xx 000 0 ara d
040 _aGCL /
_cGCL
082 0 4 _a629.28
_bم ك
245 1 0 _aمنهاج الديزل لمراكز التدريب المهنى :
_bكهرباء السيارات
260 _aالرياض :
_bالمؤسسة العامة للتعليم الفنى والتدريب المهنى
300 _a110 ص ؛
_c32 سم
650 0 4 _aكهرباء السيارات
650 0 4 _aالسيارات - صيانة
650 0 4 _aالسيارات - تصليح
942 _2ddc
_cBK
999 _c7185
_d7185